00151nam a2200061Ia 4500008004100000100002400041245002400065120527s9999 xx 000 0 und d aAppling, R. Jeffrey aMath survival Guide